000 00515nam a2200181Ia 4500
008 100921s9999 xx 000 0 und d
082 _b23309
_a820 थ 73
100 _aRazmakhnin M.
245 _aRadar Made Easy.
260 _bमीर प्रकाशन,मास्को.
_c1973
300 _a135
_b---
365 _b0
520 _aललित इंग्रजी.
630 _aRadar Made Easy.
650 _aललित इंग्रजी.
730 _aRadar Made Easy.
942 _cBOOK
999 _c772422
_d772419